Paradojas de la transición política nicaragüense: entre la incompetencia del poder civil y las fortalezas del poderío militar /

Uloženo v:
Podrobná bibliografie
Hlavní autor: Cajina, Roberto J
Médium: Text
Tagy: Přidat tag
Žádné tagy, Buďte první, kdo vytvoří štítek k tomuto záznamu!

MARC

LEADER 00000 a a2200000 04500
001 4992
003
040
100 |a Cajina, Roberto J  
245 |a Paradojas de la transición política nicaragüense:   |b entre la incompetencia del poder civil y las fortalezas del poderío militar /  |c Roberto J Cajina 
773 |g número 38; páginas 22-26  
999 |c 39850  |d 39850